[Event "Solingen-ch 2012"]
[Site "Solingen"]
[Date "2012.10.26"]
[Round "4.3"]
[White "Görke, Joachim"]
[Black "Mentzel, Markus"]
[Result "1-0"]
[WhiteElo "2149"]
[BlackElo "1874"]
[PlyCount "95"]
[EventDate "2012.??.??"]
[WhiteTeam "SG Solingen"]
[BlackTeam "vereinslos"]

1. e4 e5 2. Nf3 Nf6 3. Nc3 Nc6 4. Bb5 Bb4 5. d3 d6 6. Bg5 O-O 7. O-O Bxc3 8.
bxc3 Qe7 9. Bxc6 bxc6 10. h3 h6 11. Bxf6 Qxf6 12. c4 Qg6 13. Kh2 f5 14. Nh4 Qg5
15. Nxf5 Bxf5 16. exf5 Qxf5 17. Rb1 Rab8 18. Rb3 Qf4+ 19. g3 Qd4 20. Kg2 Rb6
21. Qe2 Rxb3 22. cxb3 a5 23. Qe4 Qxe4+ 24. dxe4 c5 25. f4 exf4 26. gxf4 Re8 27.
Kf3 Kf7 28. h4 g6 29. Rd1 Kf6 30. Rd5 Ke6 31. h5 c6 32. Rd2 gxh5 33. Rh2 d5 34.
Rxh5 dxe4+ 35. Ke3 Rh8 36. Kxe4 Kf6 37. Rxc5 h5 38. Rxc6+ Ke7 39. Kf3 h4 40.
Kg2 h3+ 41. Kh2 a4 42. Rc5 axb3 43. axb3 Rh4 44. f5 Rf4 45. b4 Rf3 46. b5 Kf6
47. b6 Rb3 48. Rb5 1-0

[Event "Solingen-ch 2012"]
[Site "Solingen"]
[Date "2012.10.26"]
[Round "4.4"]
[White "Neumair, Jerome"]
[Black "Skiber, Friedel"]
[Result "1-0"]
[WhiteElo "2077"]
[BlackElo "1770"]
[PlyCount "55"]
[EventDate "2012.??.??"]
[WhiteTeam "SG Solingen"]
[BlackTeam "SG Solingen"]

1. d4 Nf6 2. c4 c5 3. d5 e6 4. Nc3 exd5 5. cxd5 d6 6. e4 g6 7. Qa4+ Nfd7 8. Nf3
Bg7 9. Bf4 Bxc3+ 10. bxc3 Qf6 11. e5 Qg7 12. Kd2 O-O 13. exd6 a6 14. Qa3 b6 15.
Bd3 Bb7 16. c4 b5 17. Rab1 b4 18. Qb2 f6 19. Rhe1 Rf7 20. Re8+ Nf8 21. Rbe1
Nbd7 22. R8e7 g5 23. Rxf7 Qxf7 24. Re7 Qh5 25. Nxg5 Qg4 26. g3 Ng6 27. h3 Qh5
28. Rxd7 1-0

[Event "Solingen-ch 2012"]
[Site "Solingen"]
[Date "2012.10.26"]
[Round "4.5"]
[White "Andrä, Philipp"]
[Black "Speck, Stefan"]
[Result "0-1"]
[WhiteElo "1894"]
[BlackElo "1994"]
[PlyCount "100"]
[EventDate "2012.??.??"]
[WhiteTeam "SG Solingen"]
[BlackTeam "SC Solingen 1928"]

1. e4 Nf6 2. e5 Nd5 3. c4 Nb6 4. d4 d6 5. Nf3 dxe5 6. Nxe5 c6 7. b3 g6 8. Bb2
Bg7 9. Nd2 O-O 10. Be2 Qc7 11. h4 c5 12. dxc5 Na4 13. bxa4 Bxe5 14. Bxe5 Qxe5
15. h5 Bg4 16. Nf3 Bxf3 17. gxf3 Nc6 18. Rh4 Qg5 19. Rh1 Rad8 20. Qc1 Qg2 21.
Rf1 Nd4 22. Qc3 Rd7 23. Rd1 Rfd8 24. h6 Qh2 25. Rc1 Qxh6 26. Rb1 Nxe2 27. Kxe2
Rd2+ 28. Ke1 R2d3 29. Qc2 R3d7 30. Qc3 Qf4 31. Qe3 Qxe3+ 32. fxe3 Rc8 33. Ke2
Rxc5 34. Rfc1 Kg7 35. Rb5 Rdc7 36. Kd3 b6 37. Rxc5 Rxc5 38. Kc3 h5 39. Rd1 Rc7
40. Rd4 Kf6 41. Kb4 g5 42. a5 bxa5+ 43. Kxa5 e5 44. Rd6+ Kf5 45. Rh6 h4 46. Kb5
e4 47. f4 gxf4 48. exf4 e3 49. Rxh4 e2 50. Rh1 Kxf4 0-1

[Event "Solingen-ch 2012"]
[Site "Solingen"]
[Date "2012.10.26"]
[Round "4.6"]
[White "Porstmann, Jan"]
[Black "Zolfagharian, Kevin"]
[Result "0-1"]
[WhiteElo "1894"]
[BlackElo "1981"]
[PlyCount "56"]
[EventDate "2012.??.??"]
[WhiteTeam "SG Solingen"]
[BlackTeam "SG Solingen"]

1. e4 c5 2. Nf3 Nc6 3. d4 cxd4 4. Nxd4 Nf6 5. Nc3 d6 6. Be3 e5 7. Nb3 Be7 8. f3
O-O 9. Qd2 Be6 10. Nd5 a5 11. Bb6 Qd7 12. Bb5 Bd8 13. Nxf6+ gxf6 14. Be3 Kh8
15. a4 f5 16. exf5 Bxb3 17. cxb3 Qxf5 18. O-O Nb4 19. Rac1 Rg8 20. Rc4 d5 21.
Rg4 Be7 22. Rxg8+ Rxg8 23. Bb6 d4 24. Bc7 Nd5 25. Qxa5 Ne3 26. Bc4 Rxg2+ 27.
Kh1 Rxh2+ 28. Kxh2 Qc2+ 0-1

[Event "Solingen-ch 2012"]
[Site "Solingen"]
[Date "2012.10.26"]
[Round "4.7"]
[White "Boschek, Dr. Hans-Joachim"]
[Black "Falge, Rainer"]
[Result "1-0"]
[WhiteElo "1931"]
[BlackElo "1721"]
[PlyCount "77"]
[EventDate "2012.??.??"]
[WhiteTeam "SV 1922 Hilden"]
[BlackTeam "SG Solingen"]

1. d4 d6 2. e4 Nf6 3. Nc3 g6 4. Be3 Bg7 5. Qd2 O-O 6. Nge2 c6 7. f3 b5 8. g4
Qa5 9. Ng3 e5 10. h4 b4 11. Nce2 exd4 12. Nxd4 c5 13. Nb3 Qc7 14. h5 Nxg4 15.
fxg4 Bxb2 16. Qh2 Bxg4 17. hxg6 fxg6 18. Bc4+ Kh8 19. Rb1 Bc3+ 20. Bd2 Be5 21.
Qh4 d5 22. Qxg4 Bxg3+ 23. Kd1 dxc4 24. Nxc5 c3 25. Be3 Nc6 26. Ke2 Bf4 27. Ne6
Ne5 28. Nxc7 Nxg4 29. Bxf4 Rxf4 30. Nxa8 Rxe4+ 31. Kf3 Rc4 32. Rbe1 h5 33. Re7
Rc8 34. Nc7 Kg8 35. Ne6 a5 36. Kg3 Ne3 37. Rg7+ Kh8 38. Rxg6 Kh7 39. Rg5 1-0

[Event "Solingen-ch 2012"]
[Site "Solingen"]
[Date "2012.10.26"]
[Round "4.8"]
[White "Müller, Ernst"]
[Black "Große-Hering, Peter"]
[Result "0-1"]
[WhiteElo "1528"]
[BlackElo "1928"]
[PlyCount "56"]
[EventDate "2012.??.??"]
[WhiteTeam "SG Solingen"]
[BlackTeam "SV Horst-Emscher 31"]

1. e4 d6 2. d4 Nf6 3. Nc3 g6 4. Be3 Bg7 5. Be2 O-O 6. Nf3 c6 7. O-O Nbd7 8. Rc1
e5 9. dxe5 dxe5 10. Qd2 Qe7 11. Rcd1 Qb4 12. b3 Nxe4 13. Nxe4 Qxe4 14. Nh4 Qxh4
15. Bg5 Qd4 16. Qc1 Qc5 17. c4 Re8 18. Rd2 Nf8 19. Rfd1 Ne6 20. Be3 Nd4 21. Re1
Be6 22. Bf1 Rad8 23. Qd1 Qa5 24. Kh1 Nf5 25. Rxd8 Rxd8 26. Qb1 Nxe3 27. Rxe3
Rd2 28. a4 Rxf2 0-1

[Event "Solingen-ch 2012"]
[Site "Solingen"]
[Date "2012.10.26"]
[Round "4.9"]
[White "Nguyen, Philipp"]
[Black "Winkler, Fabian"]
[Result "0-1"]
[WhiteElo "1527"]
[BlackElo "1976"]
[PlyCount "60"]
[EventDate "2012.??.??"]
[WhiteTeam "SG Solingen"]
[BlackTeam "SG Solingen"]

1. e4 g6 2. d4 d6 3. Nc3 Bg7 4. f4 Nf6 5. Nf3 O-O 6. Bd3 c5 7. Be3 Ng4 8. Bg1
cxd4 9. Bxd4 Bxd4 10. Nxd4 Qb6 11. h3 Ne3 12. Na4 Qxd4 13. c3 Nxg2+ 14. Kf1 Qe3
15. Kxg2 Qxf4 16. Rf1 Qg5+ 17. Kh2 b5 18. Qe2 bxa4 19. e5 Bb7 20. Be4 Qxe5+ 21.
Kg1 Bxe4 22. Qe3 Na6 23. Rad1 Rab8 24. Rf2 Nc5 25. Rd4 Rb7 26. a3 Rfb8 27. Rb4
f5 28. h4 Nd3 29. Rxb7 Rxb7 30. Rd2 Qc5 0-1

[Event "Solingen-ch 2012"]
[Site "Solingen"]
[Date "2012.10.26"]
[Round "4.10"]
[White "Vranidis, Athanassios"]
[Black "Brinkmann, Katharina"]
[Result "1-0"]
[WhiteElo "1870"]
[BlackElo "1545"]
[PlyCount "33"]
[EventDate "2012.??.??"]
[WhiteTeam "SG Solingen"]
[BlackTeam "SF Köln-Mülheim"]

1. d4 e6 2. c4 d5 3. Nc3 Nf6 4. cxd5 exd5 5. Bg5 c6 6. e3 Bf5 7. Bd3 Bxd3 8.
Qxd3 Nbd7 9. Nf3 Qb6 10. O-O Bd6 11. e4 dxe4 12. Nxe4 Be7 13. Nxf6+ Nxf6 14.
Rfe1 Nd5 15. Bxe7 Nxe7 16. Qa3 Qc7 17. Rxe7+ 1-0

[Event "Solingen-ch 2012"]
[Site "Solingen"]
[Date "2012.10.26"]
[Round "4.11"]
[White "Rist, Kurt"]
[Black "Nink, Niklas"]
[Result "1-0"]
[WhiteElo "1665"]
[BlackElo "978"]
[PlyCount "51"]
[EventDate "2012.??.??"]
[WhiteTeam "SG Solingen"]
[BlackTeam "SG Solingen"]

1. e4 c5 2. Nf3 d6 3. Nc3 a6 4. Bc4 b5 5. Bd5 Ra7 6. d4 e6 7. Bg5 Be7 8. Bxe7
Qxe7 9. O-O exd5 10. exd5 Qc7 11. Re1+ Ne7 12. dxc5 Qxc5 13. Ne4 Qc7 14. Qd4
O-O 15. Nxd6 Nf5 16. Nxf5 Bxf5 17. d6 Qb7 18. Re7 Bd7 19. Ne5 Qa8 20. Re1 h6
21. Re3 Rb7 22. Rg3 g5 23. Ng6 f6 24. Qd5+ Be6 25. Qxe6+ Rf7 26. Qxf7# 1-0

[Event "Solingen-ch 2012"]
[Site "Solingen"]
[Date "2012.10.26"]
[Round "4.12"]
[White "Weyer, Norbert"]
[Black "Maj, Kornel"]
[Result "1/2-1/2"]
[WhiteElo "1519"]
[BlackElo "1755"]
[PlyCount "130"]
[EventDate "2012.??.??"]
[WhiteTeam "Mettmann-Sport"]
[BlackTeam "ESG 1851"]

1. d4 Nf6 2. c4 g6 3. Nc3 Bg7 4. Nf3 d6 5. h3 O-O 6. Bf4 c5 7. e3 cxd4 8. exd4
d5 9. Be2 a6 10. O-O Nc6 11. Rc1 dxc4 12. Bxc4 b5 13. Bb3 Na5 14. Bc2 Nc4 15.
b3 Nb6 16. Ne4 Nbd5 17. Bh2 Nxe4 18. Bxe4 Bb7 19. Re1 Qa5 20. Bxd5 Bxd5 21. a4
Qb4 22. axb5 axb5 23. Be5 Bxb3 24. Rb1 Bxd1 25. Rxb4 Bxf3 26. Bxg7 Kxg7 27.
gxf3 Ra7 28. Rxb5 Rd7 29. Kg2 Rfd8 30. d5 Kf8 31. Re4 Rxd5 32. Rb7 R8d7 33.
Rb8+ Kg7 34. Re8 e6 35. Rb8 Rd2 36. Kg3 Rc2 37. h4 h6 38. Rb1 Rdd2 39. Rb7 Rxf2
40. Rxe6 g5 41. hxg5 Rg2+ 42. Kf4 hxg5+ 43. Kf5 Rc5+ 44. Re5 Rc4 45. Re4 Rc3
46. Rg4 Rxf3+ 47. Kxg5 Rh2 48. Rf4 Rh5+ 49. Kg4 Rxf4+ 50. Kxf4 Kg6 51. Rb8 Rh4+
52. Kg3 Re4 53. Rg8+ Kf5 54. Rf8 f6 55. Ra8 Re3+ 56. Kf2 Kf4 57. Ra4+ Re4 58.
Ra3 Kg5 59. Rg3+ Rg4 60. Ra3 f5 61. Ra8 Re4 62. Kf3 Rh4 63. Kg3 Rg4+ 64. Kf3
Rb4 65. Rg8+ Kf6 1/2-1/2

[Event "Solingen-ch 2012"]
[Site "Solingen"]
[Date "2012.10.26"]
[Round "4.13"]
[White "Sherif, Amina"]
[Black "Ehringfeld, Michael"]
[Result "1-0"]
[WhiteElo "1565"]
[BlackElo "1367"]
[PlyCount "61"]
[EventDate "2012.??.??"]
[WhiteTeam "SG Solingen"]
[BlackTeam "SG Solingen"]

1. e4 c6 2. d4 d5 3. f3 dxe4 4. fxe4 e5 5. Nf3 Bg4 6. Bc4 Bb4+ 7. c3 Be7 8.
Bxf7+ Kf8 9. Bb3 exd4 10. cxd4 Nd7 11. O-O Ke8 12. Nc3 Ndf6 13. Be3 Bb4 14. Qc2
Bxc3 15. bxc3 Qe7 16. Ne5 Be6 17. Rae1 a5 18. Bg5 h6 19. Bxf6 Nxf6 20. Ng6 Qd7
21. Nxh8 Kd8 22. e5 Nd5 23. Rf8+ Kc7 24. Rxa8 Bf5 25. Qd2 Nb6 26. Rf8 Be6 27.
Ref1 Nc8 28. Qf4 Ne7 29. Bxe6 Qxe6 30. Qf7 Qd7 31. Qxe7 1-0

[Event "Solingen-ch 2012"]
[Site "Solingen"]
[Date "2012.10.26"]
[Round "4.14"]
[White "Nettekoven, Dr. Wolfgang"]
[Black "Sherif, Malik"]
[Result "1-0"]
[WhiteElo "1776"]
[BlackElo "1361"]
[PlyCount "47"]
[EventDate "2012.??.??"]
[WhiteTeam "Pulheimer SC"]
[BlackTeam "SG Solingen"]

1. e4 c5 2. d4 cxd4 3. c3 Nf6 4. e5 Nd5 5. cxd4 Nc6 6. Nf3 d6 7. Bc4 Nb6 8. Bb3
dxe5 9. dxe5 Qxd1+ 10. Bxd1 Bd7 11. O-O O-O-O 12. Bf4 Bf5 13. Bb3 Nd5 14. Bg3
e6 15. Nbd2 Kb8 16. a3 Be7 17. Nc4 Rd7 18. Rac1 Rc8 19. Rfd1 Rcc7 20. Nd6 Nb6
21. Nxf5 exf5 22. e6 Rxd1+ 23. Rxd1 fxe6 24. Bxe6 1-0

[Event "Solingen-ch 2012"]
[Site "Solingen"]
[Date "2012.10.26"]
[Round "4.15"]
[White "Kaiser, Stephan"]
[Black "Barche, Uwe"]
[Result "0-1"]
[WhiteElo "1484"]
[BlackElo "1112"]
[PlyCount "78"]
[EventDate "2012.??.??"]
[WhiteTeam "SG Solingen"]
[BlackTeam "SG Solingen"]

1. d4 e6 2. c4 b6 3. Nc3 Bb7 4. e3 Nf6 5. Nf3 d5 6. cxd5 exd5 7. Bb5+ Nbd7 8.
O-O Bd6 9. Bd2 O-O 10. Rc1 a6 11. Bd3 c5 12. Re1 Re8 13. b3 Ne4 14. Rc2 Ndf6
15. Bc1 Ng4 16. Bb2 Ngxf2 17. Rxf2 Nxf2 18. Kxf2 Qf6 19. Kg1 cxd4 20. Nxd4 Bf4
21. Qf3 Bxe3+ 22. Rxe3 Qxd4 23. Nd1 Rxe3 24. Bxd4 Rxf3 25. gxf3 b5 26. Ne3 g6
27. Kf2 Rd8 28. Ng4 f5 29. Nf6+ Kf7 30. Nxh7 Rc8 31. Ng5+ Ke7 32. f4 Rc1 33.
Nf3 Bc6 34. Ne5 Be8 35. b4 Rd1 36. Kg3 Rd2 37. Bc5+ Ke6 38. a4 bxa4 39. Bxa6 a3
{Zeitüberschreitung} 0-1

[Event "Solingen-ch 2012"]
[Site "Solingen"]
[Date "2012.10.26"]
[Round "4.16"]
[White "Mix, Lothar"]
[Black "Schubert, Stefan"]
[Result "1/2-1/2"]
[WhiteElo "1456"]
[BlackElo "983"]
[PlyCount "133"]
[EventDate "2012.??.??"]
[WhiteTeam "SG Solingen"]
[BlackTeam "SG Solingen"]

1. e4 e5 2. Nf3 Nc6 3. d4 exd4 4. Nxd4 Nxd4 5. Qxd4 Qf6 6. Qc4 Bd6 7. Nc3 c6 8.
Bd3 b5 9. Qb3 Ba6 10. O-O Nh6 11. Bxh6 Qxh6 12. g3 O-O 13. a3 Rab8 14. Qa2 Bc8
15. b4 Be5 16. Qb3 Qf6 17. Rad1 Bxc3 18. Be2 Be5 19. Rd3 d6 20. Rf3 Qe6 21. Qb1
Rb7 22. c3 d5 23. exd5 Qxd5 24. Re1 Bg4 25. Rd3 Qe4 26. Re3 Qxb1 27. Rxb1 Bxe2
28. Rxe5 Bg4 29. Rbe1 Rbb8 30. Re7 Rbd8 31. Rxa7 Rd7 32. Ra6 Rd6 33. Kg2 Be6
34. a4 Bd5+ 35. f3 bxa4 36. b5 Bc4 37. Rxc6 Rd2+ 38. Kh3 Bxb5 39. Rb6 Bd7+ 40.
g4 Rc2 41. Re7 Rd2 42. Rb7 Ra8 43. Rexd7 Rxd7 44. Rxd7 a3 45. Rd1 a2 46. Ra1 g5
47. Kg3 Ra4 48. Kf2 Kg7 49. Ke3 Kf6 50. c4 Ke5 51. Kd3 Ra3+ 52. Kc2 Kd4 53. Kb2
Rxf3 54. Kxa2 Kxc4 55. Re1 Rf2+ 56. Kb1 Kb3 57. Kc1 Rxh2 58. Rf1 Kc3 59. Kd1
Rg2 60. Rxf7 Kd3 61. Ke1 Rxg4 62. Rxh7 Rg1+ 63. Kf2 Rg4 64. Rf7 Rf4+ 65. Rxf4
gxf4 66. Kf3 Kd4 67. Kxf4 1/2-1/2

[Event "Solingen-ch 2012"]
[Site "Solingen"]
[Date "2012.10.26"]
[Round "4.18"]
[White "Kirschbaum, Alexander"]
[Black "Kopernok, Ingo"]
[Result "0-1"]
[WhiteElo "1450"]
[BlackElo "824"]
[PlyCount "114"]
[EventDate "2012.??.??"]
[WhiteTeam "SG Solingen"]
[BlackTeam "SG Solingen"]

1. e4 e5 2. Nf3 Nc6 3. Bb5 Bc5 4. O-O Nf6 5. c3 d6 6. Re1 Bg4 7. h3 Bxf3 8.
Qxf3 O-O 9. d3 Ne7 10. Bg5 Ng6 11. Nd2 h6 12. Bxf6 gxf6 13. g3 a6 14. Bc4 Kg7
15. Nf1 Qd7 16. Kh2 b5 17. Bb3 c6 18. Ne3 Bxe3 19. fxe3 Ra7 20. Rf1 Qd8 21. Rf2
a5 22. Raf1 a4 23. Bd1 a3 24. b4 c5 25. h4 cxb4 26. cxb4 Rc7 27. h5 Nh8 28.
Qg4+ Kh7 29. Rxf6 Rg8 30. Qf5+ Kg7 31. Bb3 Qf8 32. g4 Qe7 33. g5 hxg5 34. Qxg5+
Kf8 35. Qh6+ Ke8 36. Rg1 Qf8 37. Rxg8 Qxg8 38. Rxd6 Rc1 39. Bxf7+ Nxf7 40. Qe6+
Kf8 41. Qg6 Nxd6 42. Qxd6+ Kf7 43. Qd5+ Kf8 44. Qd6+ Kg7 45. Qxe5+ Kh7 46. Qf5+
Kh8 47. Qf6+ Qg7 48. Qxg7+ Kxg7 49. Kg3 Rc2 50. e5 Rxa2 51. e6 Rc2 52. e7 Rc8
53. d4 a2 54. d5 a1=Q 55. e4 Qe5+ 56. Kf2 Qxe7 57. Kf3 Qxb4 0-1

[Event "Solingen-ch 2012"]
[Site "Solingen"]
[Date "2012.10.26"]
[Round "4.19"]
[White "Möller, Laura"]
[Black "Barche, Robert"]
[Result "0-1"]
[WhiteElo "918"]
[BlackElo "1107"]
[PlyCount "98"]
[EventDate "2012.??.??"]
[WhiteTeam "SG Solingen"]
[BlackTeam "SG Solingen"]

1. c4 b6 2. Nc3 Bb7 3. e4 d6 4. Be2 Nf6 5. d3 e6 6. Nf3 Be7 7. O-O O-O 8. Be3
Nbd7 9. Qd2 Ng4 10. Bf4 h6 11. h3 Ngf6 12. e5 dxe5 13. Nxe5 Nxe5 14. Bxe5 Bd6
15. Bxf6 Qxf6 16. a3 Qg6 17. f3 Qg3 18. Rfd1 Qh2+ 19. Kf1 Bg3 20. Qe3 Qh1+ 21.
Qg1 Qxg1+ 22. Kxg1 Rfe8 23. Nb5 c6 24. Nc3 f5 25. Rf1 g5 26. d4 Bf4 27. Kf2 e5
28. d5 Bd2 29. dxc6 Bxc6 30. Nd5 Bxd5 31. cxd5 e4 32. fxe4 Rxe4 33. Bd3 Re5 34.
d6 Rd8 35. Bc4+ Kg7 36. g4 Rxd6 37. Kg2 Rf6 38. Rad1 Bf4 39. Rd7+ Kf8 40. Rd8+
Re8 41. Rxe8+ Kxe8 42. Re1+ Kf8 43. Bd3 fxg4 44. hxg4 Rd6 45. Bg6 Rxg6 46. b4
a5 47. Rb1 a4 48. Kf3 Rf6 49. Ke4 Ke7 0-1

[Event "Solingen-ch 2012"]
[Site "Solingen"]
[Date "2012.10.26"]
[Round "4.20"]
[White "Schubert, Florian"]
[Black "Littek, Oliver"]
[Result "0-1"]
[WhiteElo "750"]
[BlackElo "826"]
[PlyCount "48"]
[EventDate "2012.??.??"]
[WhiteTeam "SG Solingen"]
[BlackTeam "SG Solingen"]

1. e4 e5 2. Nf3 Nc6 3. d4 exd4 4. Nxd4 Nxd4 5. Qxd4 Nf6 6. Be2 d5 7. e5 Nd7 8.
Qxd5 c6 9. Qd1 Bc5 10. O-O O-O 11. Bf4 Re8 12. Nc3 b6 13. Ne4 Bb7 14. c3 Nxe5
15. b4 Ng6 16. bxc5 Nxf4 17. Bf3 Ba6 18. Re1 bxc5 19. Qd6 Qxd6 20. Nxd6 Rxe1+
21. Rxe1 Ne6 22. Bxc6 Rd8 23. Rb1 Rxd6 24. Rb8+ Nf8 0-1

[Event "Solingen-ch 2012"]
[Site "Solingen"]
[Date "2012.11.09"]
[Round "5.2"]
[White "Berg, Michael"]
[Black "Speck, Stefan"]
[Result "1-0"]
[WhiteElo "2311"]
[BlackElo "1994"]
[PlyCount "61"]
[EventDate "2012.??.??"]
[WhiteTeam "SG Solingen"]
[BlackTeam "SC Solingen 1928"]

1. d4 d5 2. c4 e6 3. Nf3 Nf6 4. g3 dxc4 5. Bg2 Bb4+ 6. Bd2 c5 7. O-O Bxd2 8.
Nbxd2 cxd4 9. Nxc4 Nc6 10. Qb3 Qe7 11. Nfe5 Nxe5 12. Nxe5 O-O 13. Rac1 Qd6 14.
Qb5 Nd5 15. Nd3 Bd7 16. Qc5 Qxc5 17. Rxc5 Bc6 18. Ne5 Rab8 19. Rd1 f6 20. Nf3
Rfd8 21. Rxd4 Ne7 22. Rc1 Kf7 23. Rf4 Ke8 24. Kf1 e5 25. Rh4 h6 26. Rhc4 Rd6
27. Ne1 Rbd8 28. Bxc6+ Nxc6 29. Nd3 Nd4 30. Nc5 b6 31. Nb7 1-0

[Event "Solingen-ch 2012"]
[Site "Solingen"]
[Date "2012.11.09"]
[Round "5.3"]
[White "Lemanczyk, Thomas"]
[Black "Boschek, Dr. Hans-Joachim"]
[Result "1/2-1/2"]
[WhiteElo "2267"]
[BlackElo "1931"]
[PlyCount "23"]
[EventDate "2012.??.??"]
[WhiteTeam "SF Gerresheim"]
[BlackTeam "SV 1922 Hilden"]

1. Nf3 Nf6 2. c4 e6 3. g3 b6 4. Bg2 Bb7 5. O-O Be7 6. Nc3 O-O 7. Re1 d5 8. cxd5
Nxd5 9. e4 Nb4 10. d4 c5 11. Be3 cxd4 12. Nxd4 1/2-1/2

[Event "Solingen-ch 2012"]
[Site "Solingen"]
[Date "2012.11.09"]
[Round "5.4"]
[White "Zolfagharian, Kevin"]
[Black "Görke, Joachim"]
[Result "0-1"]
[WhiteElo "1981"]
[BlackElo "2149"]
[PlyCount "82"]
[EventDate "2012.??.??"]
[WhiteTeam "SG Solingen"]
[BlackTeam "SG Solingen"]

1. e4 e6 2. d4 d5 3. Nc3 Nf6 4. Bg5 Be7 5. e5 Nfd7 6. Bxe7 Qxe7 7. Bd3 a6 8.
Qg4 g6 9. Nf3 c5 10. dxc5 Nc6 11. b4 Ndxe5 12. Nxe5 Nxe5 13. Qg3 Qf6 14. O-O
O-O 15. Na4 Bd7 16. Nb6 Rad8 17. Rfe1 Nxd3 18. Qxd3 Bb5 19. Qb3 d4 20. a4 Bc6
21. b5 Bd5 22. c4 dxc3 23. Nxd5 exd5 24. Rac1 d4 25. Qc4 axb5 26. axb5 Rfe8 27.
c6 Rxe1+ 28. Rxe1 bxc6 29. bxc6 Rc8 30. c7 Qd6 31. g3 Rxc7 32. Qd3 c2 33. Rc1
Rc3 34. Qd2 Qc5 35. Kf1 d3 36. Kg2 Rb3 37. Ra1 Qc6+ 38. f3 Rb1 39. Ra8+ Qxa8
40. Qh6 c1=Q 41. Qg7+ Kxg7 0-1

[Event "Solingen-ch 2012"]
[Site "Solingen"]
[Date "2012.11.09"]
[Round "5.5"]
[White "Große-Hering, Peter"]
[Black "Neumair, Jerome"]
[Result "0-1"]
[WhiteElo "1928"]
[BlackElo "2077"]
[PlyCount "116"]
[EventDate "2012.??.??"]
[WhiteTeam "SV Horst-Emscher 31"]
[BlackTeam "SG Solingen"]

1. e4 e6 2. d3 d5 3. Nd2 Nf6 4. Ngf3 dxe4 5. dxe4 Bc5 6. Bd3 Nc6 7. O-O e5 8.
Nc4 Qe7 9. c3 a5 10. h3 h6 11. Ne3 O-O 12. Nd5 Qd6 13. Nxf6+ Qxf6 14. Qe2 Be6
15. Bc2 Rfd8 16. Be3 Bxe3 17. Qxe3 Rd6 18. b3 Rad8 19. Rad1 Rxd1 20. Rxd1 Rxd1+
21. Bxd1 Qe7 22. Qd2 Qa3 23. Be2 a4 24. Bb5 axb3 25. axb3 Qxb3 26. Bxc6 bxc6
27. Nxe5 Qb1+ 28. Kh2 Qxe4 29. Qd8+ Kh7 30. Qd3 Qxd3 31. Nxd3 Kg6 32. g4 Kf6
33. f4 Ke7 34. Kg3 Kd6 35. Kf3 Bd5+ 36. Ke3 g5 37. Kd4 Bg2 38. Ne5 Ke6 39. f5+
Kf6 40. Nd7+ Ke7 41. Ne5 f6 42. Nc4 Bxh3 43. Ne3 h5 44. gxh5 g4 45. Ke4 g3 46.
Kf3 g2 47. Kf2 Kf7 48. Kg1 Kg7 49. Kh2 Kh6 50. Nxg2 Bxg2 51. Kxg2 Kxh5 52. Kf3
Kg5 53. Ke4 Kg4 54. c4 Kg5 55. Kd4 Kxf5 56. Kc5 Ke5 57. Kxc6 Kd4 58. Kxc7 Kc5
0-1

[Event "Solingen-ch 2012"]
[Site "Solingen"]
[Date "2012.11.09"]
[Round "5.6"]
[White "Winkler, Fabian"]
[Black "Mentzel, Markus"]
[Result "1/2-1/2"]
[WhiteElo "1976"]
[BlackElo "1874"]
[PlyCount "43"]
[EventDate "2012.??.??"]
[WhiteTeam "SG Solingen"]
[BlackTeam "vereinslos"]

1. d4 Nf6 2. c4 e6 3. Nc3 Bb4 4. Qc2 O-O 5. a3 Bxc3+ 6. Qxc3 Ne4 7. Qc2 f5 8.
Nf3 b6 9. e3 Bb7 10. Bd3 d6 11. O-O a5 12. b3 Nd7 13. Bb2 Qe7 14. Nd2 Nxd2 15.
Qxd2 e5 16. f3 Rae8 17. Bc2 exd4 18. exd4 Qe2 19. Rf2 Qxd2 20. Rxd2 g6 21. Kf2
Kf7 22. Re2 1/2-1/2

[Event "Solingen-ch 2012"]
[Site "Solingen"]
[Date "2012.11.09"]
[Round "5.7"]
[White "Rist, Kurt"]
[Black "Vranidis, Athanassios"]
[Result "0-1"]
[WhiteElo "1665"]
[BlackElo "1870"]
[PlyCount "76"]
[EventDate "2012.??.??"]
[WhiteTeam "SG Solingen"]
[BlackTeam "SG Solingen"]

1. e4 c5 2. Nf3 d6 3. Bc4 Nf6 4. d3 g6 5. Ng5 e6 6. c3 Bg7 7. f4 O-O 8. O-O h6
9. Nf3 d5 10. exd5 exd5 11. Bb3 Nc6 12. Be3 d4 13. Bf2 Ng4 14. cxd4 Nxf2 15.
Rxf2 Nxd4 16. Nbd2 Bg4 17. Rf1 Nxf3+ 18. Nxf3 Bxb2 19. Rb1 Bd4+ 20. Kh1 b6 21.
h3 Bxf3 22. Qxf3 Qf6 23. Qg3 Rae8 24. Rbe1 Bc3 25. Re4 Kg7 26. Qf3 Re7 27. g4
Rfe8 28. Bd5 Qd6 29. Rxe7 Rxe7 30. Be4 Qd4 31. h4 c4 32. f5 cxd3 33. f6+ Qxf6
34. Qxd3 Qxh4+ 35. Kg1 Qxg4+ 36. Kf2 Bf6 37. Ke3 Bg5+ 38. Kf2 Qxe4 0-1

[Event "Solingen-ch 2012"]
[Site "Solingen"]
[Date "2012.11.09"]
[Round "5.8"]
[White "Nettekoven, Dr. Wolfgang"]
[Black "Andrä, Philipp"]
[Result "1/2-1/2"]
[WhiteElo "1776"]
[BlackElo "1894"]
[PlyCount "43"]
[EventDate "2012.??.??"]
[WhiteTeam "Pulheimer SC"]
[BlackTeam "SG Solingen"]

1. e4 c5 2. d4 cxd4 3. c3 dxc3 4. Nxc3 d6 5. Nf3 Nf6 6. Bc4 e6 7. O-O Be7 8.
Qe2 a6 9. Rd1 Nbd7 10. Bf4 b5 11. Bb3 Qb6 12. Rac1 O-O 13. e5 dxe5 14. Nxe5
Nxe5 15. Bxe5 Rd8 16. Rxd8+ Qxd8 17. Qf3 Ra7 18. Ne4 Nxe4 19. Qxe4 Rd7 20. Qg4
g6 21. Qh3 Bb7 22. Qc3 1/2-1/2

[Event "Solingen-ch 2012"]
[Site "Solingen"]
[Date "2012.11.09"]
[Round "5.9"]
[White "Maj, Kornel"]
[Black "Porstmann, Jan"]
[Result "1-0"]
[WhiteElo "1755"]
[BlackElo "1894"]
[PlyCount "91"]
[EventDate "2012.??.??"]
[WhiteTeam "ESG 1851"]
[BlackTeam "SG Solingen"]

1. Nf3 d5 2. g3 e6 3. Bg2 Be7 4. O-O Nf6 5. d3 O-O 6. Nbd2 Nbd7 7. e4 Nb6 8. e5
Nfd7 9. Re1 c5 10. Nf1 Qc7 11. c3 a5 12. h4 f6 13. Bf4 fxe5 14. Nxe5 Nxe5 15.
Bxe5 Bd6 16. Bxd6 Qxd6 17. d4 c4 18. Nh2 Bd7 19. Ng4 Rf7 20. Ne5 Rf6 21. Qd2
Raf8 22. Re3 Be8 23. Rae1 Nd7 24. Ng4 Rg6 25. Bh3 h5 26. Ne5 Rgf6 27. f4 g6 28.
Qe2 Kg7 29. Nf3 Bf7 30. Ng5 Re8 31. Bxe6 Bxe6 32. Nxe6+ Kg8 33. Ng5 Rxe3 34.
Qxe3 Nf8 35. Qe8 Qb6 36. Re7 Qxb2 37. Nh7 Qc1+ 38. Re1 Qxe1+ 39. Qxe1 Nxh7 40.
Qe8+ Nf8 41. Qe5 Kg7 42. Qxd5 Re6 43. Kf2 Rb6 44. Qxc4 Ne6 45. d5 Nf8 46. Qc7+
1-0

[Event "Solingen-ch 2012"]
[Site "Solingen"]
[Date "2012.11.09"]
[Round "5.10"]
[White "Skiber, Friedel"]
[Black "Müller, Ernst"]
[Result "1-0"]
[WhiteElo "1770"]
[BlackElo "1528"]
[PlyCount "73"]
[EventDate "2012.??.??"]
[WhiteTeam "SG Solingen"]
[BlackTeam "SG Solingen"]

1. e4 e5 2. Nf3 Nc6 3. Nc3 Bc5 4. Na4 Be7 5. d4 exd4 6. Nxd4 d6 7. Nc3 Ne5 8.
Be2 c6 9. O-O Nf6 10. f4 Ng6 11. Qe1 b5 12. a3 a6 13. Be3 Bb7 14. Nf5 Bf8 15.
Rd1 Qc7 16. Qg3 O-O-O 17. b4 h5 18. h4 c5 19. Bf3 cxb4 20. e5 Bxf3 21. Qxf3 Ng4
22. Nd5 Qc6 23. Bb6 Kb7 24. Bxd8 dxe5 25. Nde7 Qxf3 26. Rd7+ Ka8 27. Rxf3 e4
28. Rb3 Nf6 29. Rc7 Ne8 30. Rc6 Nxe7 31. Bxe7 Kb7 32. Rc5 g6 33. Bxf8 Rxf8 34.
Ne3 f6 35. axb4 Rf7 36. c4 Nc7 37. cxb5 1-0